<?xml version="1.0" encoding="UTF-8"?><?xml-stylesheet type="text/xsl" href="static/style.xsl"?><OAI-PMH xmlns="http://www.openarchives.org/OAI/2.0/" xmlns:xsi="http://www.w3.org/2001/XMLSchema-instance" xsi:schemaLocation="http://www.openarchives.org/OAI/2.0/ http://www.openarchives.org/OAI/2.0/OAI-PMH.xsd"><responseDate>2026-04-17T23:31:01Z</responseDate><request verb="GetRecord" identifier="oai:riubu.ubu.es:10259/6160" metadataPrefix="marc">https://riubu.ubu.es/oai/request</request><GetRecord><record><header><identifier>oai:riubu.ubu.es:10259/6160</identifier><datestamp>2024-05-14T11:51:01Z</datestamp><setSpec>com_10259_6158</setSpec><setSpec>com_10259_5086</setSpec><setSpec>com_10259_2604</setSpec><setSpec>col_10259_6159</setSpec></header><metadata><record xmlns="http://www.loc.gov/MARC21/slim" xmlns:doc="http://www.lyncode.com/xoai" xmlns:xsi="http://www.w3.org/2001/XMLSchema-instance" xmlns:dcterms="http://purl.org/dc/terms/" xsi:schemaLocation="http://www.loc.gov/MARC21/slim http://www.loc.gov/standards/marcxml/schema/MARC21slim.xsd">
<leader>00925njm 22002777a 4500</leader>
<datafield tag="042" ind1=" " ind2=" ">
<subfield code="a">dc</subfield>
</datafield>
<datafield tag="720" ind1=" " ind2=" ">
<subfield code="a">Blázquez Arribas, Leticia</subfield>
<subfield code="e">author</subfield>
</datafield>
<datafield tag="720" ind1=" " ind2=" ">
<subfield code="a">Barros del Río, María Amor</subfield>
<subfield code="e">author</subfield>
</datafield>
<datafield tag="720" ind1=" " ind2=" ">
<subfield code="a">Sigona, Concetta Maria</subfield>
<subfield code="e">author</subfield>
</datafield>
<datafield tag="720" ind1=" " ind2=" ">
<subfield code="a">Alcalde Peñalver, Elena</subfield>
<subfield code="e">author</subfield>
</datafield>
<datafield tag="260" ind1=" " ind2=" ">
<subfield code="c">2021-09</subfield>
</datafield>
<datafield tag="520" ind1=" " ind2=" ">
<subfield code="a">Language learning through online tools has become customary, especially during COVID-19 pandemic, but this type of education does not always consider the requirements for students with special educational needs (SEN) despite teachers struggle to include disabled students in online teaching. This article presents the educational potential of using Universal Design for Learning (UDL) and Web Content Accessibility Guidelines (WCAG) to help SEN students learn English. First, a theoretical framework that covers the basis of the En-Abilities project and the UDL pedagogical principles that sustain the platform organisation and contents is provided. Then, practical examples of some of the activities and the results gathered after its practical implementation are shown. In the conclusions, achievements are summarised and new paths to explore in the field of foreign languages learning for students with SEN are foreseen.</subfield>
</datafield>
<datafield tag="024" ind2=" " ind1="8">
<subfield code="a">0039-8322</subfield>
</datafield>
<datafield tag="024" ind2=" " ind1="8">
<subfield code="a">http://hdl.handle.net/10259/6160</subfield>
</datafield>
<datafield tag="024" ind2=" " ind1="8">
<subfield code="a">10.1002/tesq.3038</subfield>
</datafield>
<datafield tag="245" ind1="0" ind2="0">
<subfield code="a">Teaching English to Special Educational Need Students through an Online Tool</subfield>
</datafield>
</record></metadata></record></GetRecord></OAI-PMH>